000 00552nam a2200181Ia 4500
008 100920s9999 xx 000 0 und d
082 _b78638
_a--- थ 84
100 _aवाळिंबे शरदचंद्र.
245 _aसमर्पण.
260 _bमनमोहिनी प्रकाशन, पुणे.
_c1984
300 _a184
_bसाधी
365 _b40
520 _aकादंबरी.
630 _aसमर्पण.
650 _aकादंबरी.
730 _aसमर्पण.
942 _cBOOK
999 _c719773
_d719770